<?xml version="1.0" encoding="UTF-8"?>
<record
    xmlns:xsi="http://www.w3.org/2001/XMLSchema-instance"
    xsi:schemaLocation="http://www.loc.gov/MARC21/slim http://www.loc.gov/standards/marcxml/schema/MARC21slim.xsd"
    xmlns="http://www.loc.gov/MARC21/slim">

  <leader>00452nam a22001457a 4500</leader>
  <datafield tag="020" ind1=" " ind2=" ">
    <subfield code="q">PB.</subfield>
  </datafield>
  <datafield tag="040" ind1=" " ind2=" ">
    <subfield code="c">FIZZA ISHAQ</subfield>
  </datafield>
  <datafield tag="082" ind1=" " ind2=" ">
    <subfield code="a">332</subfield>
    <subfield code="b">MIS</subfield>
  </datafield>
  <datafield tag="100" ind1=" " ind2=" ">
    <subfield code="a"> Mishkin, Frederic S.</subfield>
    <subfield code="9">29242</subfield>
  </datafield>
  <datafield tag="245" ind1=" " ind2=" ">
    <subfield code="a">The Economics of Money, Banking and Financial Markets /</subfield>
    <subfield code="c">Frederic S. Mishkin .</subfield>
  </datafield>
  <datafield tag="250" ind1=" " ind2=" ">
    <subfield code="a">CUSTOM EDITION FOR UMUC ECON 430.</subfield>
  </datafield>
  <datafield tag="260" ind1=" " ind2=" ">
    <subfield code="a">NEW YORK:</subfield>
    <subfield code="b"> &#x200E; Pearson ,</subfield>
    <subfield code="c">2010.</subfield>
  </datafield>
  <datafield tag="300" ind1=" " ind2=" ">
    <subfield code="a">664 P. ; G -1; I -32 INDEX INC</subfield>
    <subfield code="c">25 X 21 cm</subfield>
  </datafield>
  <datafield tag="942" ind1=" " ind2=" ">
    <subfield code="2">ddc</subfield>
    <subfield code="c">BK</subfield>
  </datafield>
  <datafield tag="999" ind1=" " ind2=" ">
    <subfield code="c">615401</subfield>
    <subfield code="d">615401</subfield>
  </datafield>
  <datafield tag="952" ind1=" " ind2=" ">
    <subfield code="0">0</subfield>
    <subfield code="1">0</subfield>
    <subfield code="2">ddc</subfield>
    <subfield code="4">0</subfield>
    <subfield code="7">0</subfield>
    <subfield code="a">NQC</subfield>
    <subfield code="b">NQC</subfield>
    <subfield code="c">TEXT</subfield>
    <subfield code="d">2025-11-26</subfield>
    <subfield code="l">0</subfield>
    <subfield code="o">332 MIS</subfield>
    <subfield code="p">QD-213</subfield>
    <subfield code="r">2025-11-26</subfield>
    <subfield code="t">1</subfield>
    <subfield code="w">2025-11-26</subfield>
    <subfield code="y">BK</subfield>
  </datafield>
  <datafield tag="952" ind1=" " ind2=" ">
    <subfield code="0">0</subfield>
    <subfield code="1">0</subfield>
    <subfield code="2">ddc</subfield>
    <subfield code="4">0</subfield>
    <subfield code="7">0</subfield>
    <subfield code="a">NQC</subfield>
    <subfield code="b">NQC</subfield>
    <subfield code="c">TEXT</subfield>
    <subfield code="d">2025-11-26</subfield>
    <subfield code="l">0</subfield>
    <subfield code="o">332 MIS</subfield>
    <subfield code="p">QD-254</subfield>
    <subfield code="r">2025-11-26</subfield>
    <subfield code="t">2</subfield>
    <subfield code="w">2025-11-26</subfield>
    <subfield code="y">BK</subfield>
  </datafield>
</record>
